| 000 | 00000nam##2200000za#4500 |
| 001 | 9.575752 |
| 003 | CaOODSP |
| 005 | 20210624184819 |
| 007 | cr ||||||||||| |
| 008 | 150406|2009||||xxc|||||o f|0| 0 eng|d |
| 040 | |aCaOODSP|beng |
| 043 | |an-cn--- |
| 086 | 1 |aTU3-5/09-27E-PDF |
| 110 | 2 |aTransportation Safety Board of Canada. |
| 245 | 10|aDecrease in rotor speed followed by collision with terrain - Robinson R44 II (Helicopter) C-GDSF, Montréal, Quebec, 16 December 2009 |h[electronic resource] |
| 260 | |aGatineau - Quebec : |bTransportation Safety Board of Canada |c[2009]. |
| 300 | |a21p.|bcoloured illus., fig. |
| 490 | 1 |aAviation investigation report |vA09Q0210 |
| 590 | |a13-06-Supp|b2013-03-19 |
| 775 | 08|tRéduction du régime rotor en vol suivi d'une collision avec le relief de l'hélicoptère Robinson R44 II C-GDSF à Montréal (Québec), le 16 décembre 2009 |w(CaOODSP)9.605201 |
| 830 | #0|aAviation investigation report ;|vA09Q0210|w(CaOODSP)9.504825 |
| 856 | 40|ahttp://publications.gc.ca|qPDF|s1578 KB|uhttps://publications.gc.ca/collections/collection_2013/bst-tsb/TU3-5-09-27-eng.pdf|yA09Q0210 |